Arrangements for prior notification of agricultural operations in national parks: an appraisal (Record no. 21251)
[ view plain ]
| 000 -LEADER | |
|---|---|
| fixed length control field | 00968cab a2200217 4500 |
| 001 - CONTROL NUMBER | |
| control field | ABS41680 |
| 008 - FIXED-LENGTH DATA ELEMENTS--GENERAL INFORMATION | |
| fixed length control field | 090401t1989 xxu||||| |||| 00| 0 eng d |
| 035 ## - SYSTEM CONTROL NUMBER | |
| System control number | (Sirsi) u31661 |
| 041 ## - LANGUAGE CODE | |
| Language code of text/sound track or separate title | eng |
| 100 ## - MAIN ENTRY--PERSONAL NAME | |
| Personal name | Brotherton, I. |
| 245 ## - TITLE STATEMENT | |
| Title | Arrangements for prior notification of agricultural operations in national parks: an appraisal |
| 260 ## - PUBLICATION, DISTRIBUTION, ETC. | |
| Date of publication, distribution, etc. | 1989 |
| 350 ## - PRICE (NR) (BK AM CF MU VM SE) [OBSOLETE] | |
| Price | 0 |
| 490 ## - SERIES STATEMENT | |
| Series statement | Town Planning Review |
| Volume/sequential designation | 60(1) January 1989, 71-87(17) |
| 520 ## - SUMMARY, ETC. | |
| Summary, etc. | This paper reviews the operation and success of the farm grant notification arrangements introduced from 1 October 1980 to enable the national park authorities to comment on, or if necessary change, planned agricultural operations in their areas, based on detailed monitoring of all proposals cleared by the 10 parks over the period 1 April 1983 to 31 March 1986. References. |
| 650 ## - SUBJECT ADDED ENTRY--TOPICAL TERM | |
| Topical term or geographic name entry element | CONSERVATION |
| 650 ## - SUBJECT ADDED ENTRY--TOPICAL TERM | |
| Topical term or geographic name entry element | FARMING |
| 690 ## - LOCAL SUBJECT ADDED ENTRY--TOPICAL TERM (OCLC, RLIN) | |
| Topical term or geographic name as entry element | CONSERVATION AND THE ENVIRONMENT |
| 942 ## - ADDED ENTRY ELEMENTS (KOHA) | |
| Suppress in OPAC | 0 |
| 948 ## - LOCAL PROCESSING INFORMATION (OCLC); SERIES PART DESIGNATOR (RLIN) | |
| c (OCLC) | 04/03/1997 |
| Withdrawn status | Lost status | Source of classification or shelving scheme | Damaged status | Not for loan | Home library | Current library | Shelving location | Date acquired | Total Checkouts | Full call number | Barcode | Date last seen | Copy number | Price effective from | Koha item type |
|---|---|---|---|---|---|---|---|---|---|---|---|---|---|---|---|
| Dewey Decimal Classification | London | London | Journal article | 14/09/1999 | ABS41680 | 31661-1001 | 06/08/2019 | 1 | 06/08/2019 | Journal article |